000 00437nam a2200169 a 4500
001 30
003 CO-ViMGA
008 141112s2004 ck r 000 u spa d
040 _aCO-ViMGA
_bspa
_cCO-ViMGA
082 0 4 _a811.38 W44c
100 1 _aWhitman, Walt
245 1 0 _aCanto a mi mismo /
_cWalt Whitman
260 _aSantafé de Bogotá :
_bAncora,
_c1994
300 _a160 p
650 1 4 _aPOESIA ESTADOUNIDENSE
_93139
942 _2ddc
_cBK
999 _c12285
_d12285